00242nam a22001097a 4500040000900000082002300009100001900032245003800051260002000089300001600109521000700125 cNUST 26tha510.2462bZIL aZill Dennis G  aAdvanced Engineering Mathematics  bLearning c2018 bPB ,ill,119 aPB